Ballon d'or 2022 - Statistiques

Statistiques générales
  • Ce quiz a été pris 613 fois
  • Le résultat moyen est 18 sur 30
Statistiques - réponses
Rang Joueurs Nationalité Points % Correct
1 Karim Benzema France 549
99%
3 Kevin De Bruyne Belgique 175
98%
6 Kylian Mbappé France 85
98%
2 Sadio Mané Sénégal 193
98%
9 Luka Modrić Croatie 20
97%
5 Mohamed Salah Égypte 116
97%
10 Erling Haaland Norvège 18
95%
4 Robert Lewandowski Pologne 170
95%
20 Cristiano Ronaldo Portugal 0
93%
11 Heung-min Son Corée du Sud 5
93%
7 Thibaut Courtois Belgique 82
91%
12 Riyad Mahrez Algérie 4
90%
8 Vinícius Júnior Brésil 61
83%
21 Harry Kane Angleterre 0
69%
22 Bernardo Silva Portugal 0
63%
16 Virgil van Dijk Pays-Bas 1
62%
Phil Foden Angleterre 0
42%
25 Darwin Núñez Uruguay 0
37%
14 Rafael Leão Portugal 2
37%
13 Sébastien Haller Côte d'Ivoire 3
37%
17 Casemiro Brésil 1
36%
Dušan Vlahović Serbie 1
35%
Luis Díaz Colombie 1
33%
João Cancelo Portugal 0
29%
Joshua Kimmich Allemagne 0
29%
Christopher Nkunku France 0
24%
Mike Maignan France 0
23%
Antonio Rüdiger Allemagne 0
17%
Fabinho Brésil 2
17%
Trent Alexander-Arnold Angleterre 0
16%
Aucun quiz correspondant
Distribution des résultats
% des personnes avec chaque résultat
Percentile par nombre de réponses
Votre historique - résultats
Vous n’avez pas pris ce quiz